| 000 | 01053cam a22003137a 4500 | ||
|---|---|---|---|
| 003 | CHAP | ||
| 005 | 20220329142549.0 | ||
| 008 | 010926d2000 mx r 00110 spa d | ||
| 010 | _a84989 | ||
| 011 | _a85961 | ||
| 035 | _a96499 | ||
| 040 | _cCHAP | ||
| 082 | 0 | 4 |
_a338.97275 _bM4 |
| 110 | 0 | 0 |
_aMéxico. Secretaría de la Presidencia _977192 |
| 245 | 1 | 0 |
_aEstudio monográfico - Chiapas _c/por Secretaría de la Presidencia |
| 260 |
_aMéxico, D.F. : _bSecretaría de la Presidencia _c(1975) |
||
| 300 | _a147 p. | ||
| 590 |
_aBATCH-UPD _b10 _c20130110 _lUCH01 _h1508 |
||
| 590 |
_aBATCH-UPD _b10 _c20130410 _lUCH01 _h0926 |
||
| 590 |
_aBATCH-UPD _b10 _c20130914 _lUCH01 _h0921 |
||
| 590 |
_aBATCH-UPD _b10 _c20180802 _lUCH01 _h0851 |
||
| 590 |
_aCONVERSION _b10 _c20130109 _lUCH01 _h1347 |
||
| 650 | 1 | 4 |
_aChiapas _xCondiciones sociales. _922227 |
| 651 | 1 | 4 |
_aChiapas _xCondiciones económicas. _922225 |
| 901 | _aBK | ||
| 905 | _aAlejandra Carrasco M. | ||
| 942 | _cLIBRO | ||
| 949 |
_a338.97275 M4 _bBC _cLIBRO _d33724000859294 _eLIBRO _h102037 _i96499 _kDon. _si |
||
| 999 |
_c84989 _d84989 |
||